| 000 | 01673nam a2200253Ia 4500 | ||
|---|---|---|---|
| 008 | 260220t1989||||xx |||||||||||||| ||spa|| | ||
| 020 | _a8420610273 | ||
| 040 |
_aPY-SlUNAC _bspa _erda |
||
| 041 | _aspa | ||
| 082 |
_a863.5 _bUn1s |
||
| 100 |
_aUnamuno, Miguel de _eAutor |
||
| 245 | 0 |
_aSan Manuel Bueno, mártir cómo se una novela / _cpor Miguel de Unamuno [Autor] |
|
| 264 |
_aBarcelona : _bAlianza, _c℗1989. |
||
| 300 | _a1 volumen | ||
| 520 | _a"San Manuel Bueno, mártir" de Miguel de Unamuno es una novela corta que explora temas profundos como la fe, la duda y la existencia. La historia se desarrolla en un pequeño pueblo español, donde el protagonista, Don Manuel, es un sacerdote carismático que, a pesar de su aparente devoción y entrega a la comunidad, lucha internamente con su propia crisis de fe. A través de la narración en primera persona de Ángela, una de sus feligresas más cercanas, se revela el conflicto entre la necesidad de creer y la realidad de la duda. Don Manuel es un mártir no en el sentido físico, sino por su sacrificio emocional y espiritual, eligiendo mantener la esperanza y la fe de su comunidad, aun cuando él mismo no las posee. La obra plantea interrogantes sobre el sentido de la vida y la responsabilidad del individuo hacia los demás, ofreciendo una reflexión profunda sobre la naturaleza humana y la búsqueda de la verdad en un mundo lleno de incertidumbres. | ||
| 653 | _aFilosofía | ||
| 653 | _aLiteratura | ||
| 653 | _aReligión | ||
| 942 |
_b2026/02/17 _cBK |
||
| 999 |
_c9370 _d9370 |
||